| 000 | 00675nam a22002417a 4500 | ||
|---|---|---|---|
| 003 | OSt | ||
| 005 | 20180116183003.0 | ||
| 008 | 150529b xxu||||| |||| 00| 0 eng d | ||
| 020 | _a9789698535230 | ||
| 022 | _a9789698535230 | ||
| 040 | _c0 | ||
| 050 | _a491.59 | ||
| 082 | _a491.59 | ||
| 100 | _aMalik,Nadeem Shafiq | ||
| 245 |
_aA Sociolinguistic Study of Wakhi Language of Northern Pakistan. _cDr.Nadeem Shafiq Malik |
||
| 250 | _a1st. | ||
| 260 |
_aIslamabad. _bNational University of Sciences and Technology. _c2014 |
||
| 300 | _a222p. | ||
| 500 | _aHard Cover | ||
| 600 | _aMalik,Nadeem Shafiq | ||
| 700 | _aMalik,Nadeem Shafiq | ||
| 942 |
_2ddc _cBK _k491.59 |
||
| 999 |
_c349924 _d349924 |
||